The Landscape architect and the low-cost housing program : statement of services normally rendered in connection with the development of low-cost housing projects /

Saved in:
Bibliographic Details
Corporate Author: American Society of Landscape Architects.
Format: Book
Language:English
Published: Boston, [Mass.] : The Society, [1940]
Subjects:
Tags: Add Tag
No Tags, Be the first to tag this record!
LEADER 00847nam a22001697u 4500
001 000000534-7
005 20020606090541.3
008 830203|1940 ||||||| |||| |0||||eng|d
035 0 |a ocm77872257 
245 0 4 |a The Landscape architect and the low-cost housing program :  |b statement of services normally rendered in connection with the development of low-cost housing projects /  |c American Society of Landscape Architects. 
260 0 |a Boston, [Mass.] :  |b The Society,  |c [1940] 
300 |a [3] p. ;  |c 28 cm. 
500 |a Includes copy of contract covering services of the landscape architect, approved by the ASLA, and contract covering services of the landscape architect if engaged by the architect, not approved by the ASLA. 
650 0 |a Landscape architects  |x Practice. 
710 2 |a American Society of Landscape Architects. 
988 |a 20020608 
906 |0 MH